Statistics for Landforms by Country Quiz

Click here to take the quiz!

General Stats

  • This quiz has been taken 31,653 times
    (16,839 since last reset)
  • The average score is 15 of 21

Answer Stats

Landform Country % Correct
Mississippi RiverUnited States
99%
Mount EverestNepal / China
98%
Mount FujiJapan
97%
Mount VesuviusItaly
93%
Nile DeltaEgypt
93%
Hudson BayCanada
92%
Yellow RiverChina
89%
Yucat√°n PeninsulaMexico
82%
Mount KilimanjaroTanzania
79%
Black ForestGermany
78%
Bay of PigsCuba
75%
Lake BaikalRussia
73%
Costa del SolSpain
69%
UluruAustralia
68%
Angel FallsVenezuela
58%
K2Pakistan
56%
Cape HornChile
55%
Lake ManaguaNicaragua
54%
Mount AconcaguaArgentina
48%
River CamUnited Kingdom
37%
Carstensz PyramidIndonesia
16%

Score Distribution

Percentile by Number Answered

Percent of People with Each Score

Your Score History

You have not taken this quiz since the last reset